000 00402nam a2200181Ia 4500
001 17002
005 20260306170353.0
008 260306t2005||||xx |||||||||||||| ||und||
041 _aESP
082 _a657.42
_bG23
100 _aGarcía Colín, Juán
_eAUT
245 0 _aContabilidad de costos
260 _c2005
300 _a
_c
650 _aGEN
654 _aCCO
942 _cLIB
_dJUS
_fJUS
_2ddc
_n
999 _c17002
_d17002